Catalog

Record Details

Catalog Search



Available copies

  • 1 of 1 copy available at LARL/NWRL Consortium.

Current holds

0 current holds with 1 total copy.

Show Only Available Copies
Location Call Number / Copy Notes Barcode Shelving Location Status Due Date
Roseau Public Library MOD (Text) 35500005968183 Main Available -

Record details

  • ISBN: 9780765394682
  • ISBN: 0765394685
  • Physical Description: 559 pages : maps ; 25 cm.
  • Edition: First edition.
  • Publisher: New York : Tor, [2017]

Content descriptions

General Note:
"A Tom Doherty Associates book."
Summary, etc.:
The Saga of Recluce chronicles the history of this ... Read More
Subject: Recluce (Imaginary place) > Fiction.
Wizards > Fiction.
Wizards > Fiction.
Genre: Fantasy fiction.
Fantasy fiction.
Fantasy fiction.
LDR 02101cam a2200385Ii 4500
001270986
003LARL_NWRL_CONSORTIUM
00520171113215757.0
008170503s2017 nyub 000 1 eng d
019 . ‡a966396355 ‡a1005679434
020 . ‡a9780765394682 ‡q(hardcover)
020 . ‡a0765394685 ‡q(hardcover)
035 . ‡a(OCoLC)994233925
040 . ‡aNHP ‡beng ‡erda ‡cNHP ‡dJTD ‡dKYC ‡dVTL ‡dOEL ‡dUAP ‡dCHY ‡dYDX ‡dBTCTA ‡dBDX ‡dLIV ‡dMJ8 ‡dBLP ‡dDAD ‡dRB0 ‡dTCH ‡dOCLCQ ‡dABJ ‡dVP@ ‡dT7R ‡dTXNPS
08204. ‡a813/.54 ‡223
1001 . ‡aModesitt, L. E., ‡cJr., ‡d1943- ‡eauthor. ‡0(LARL_NWRL_CONSORTIUM)220805
24514. ‡aThe mongrel mage ‡n#19 / ‡cL. E. Modesitt, Jr.
250 . ‡aFirst edition.
264 1. ‡aNew York : ‡bTor, ‡c[2017]
264 4. ‡c℗♭2017
300 . ‡a559 pages : ‡bmaps ; ‡c25 cm.
336 . ‡atext ‡btxt ‡2rdacontent
337 . ‡aunmediated ‡bn ‡2rdamedia
338 . ‡avolume ‡bnc ‡2rdacarrier
4900 . ‡aSaga of Recluce ; ‡v19
500 . ‡a"A Tom Doherty Associates book."
520 . ‡aThe Saga of Recluce chronicles the history of this world with world-building detail and an ingenious and disciplined magic system. L.E. Modesitt, Jr. returns to his longest and bestselling fantasy series with volume nineteen, The Mongrel Mage, which marks the beginning of a new story arc. In the world of Recluce, powerful mages can wield two kinds of magic--the white of Chaos or the black of Order. Beltur, however, has talents no one dreamed of, talents not seen in hundreds of years that blend both magics. On the run from a power hungry white mage, Beltur is taken in by Order mages who set him on the path to discover and hone his own unique gifts and in the process find a home. However, when the white mage he fled attempts to invade his new home, Beltur must hope his new found power will be enough to save them all.
650 0. ‡aRecluce (Imaginary place) ‡vFiction.
650 0. ‡aWizards ‡vFiction. ‡0(LARL_NWRL_CONSORTIUM)168004
650 1. ‡aWizards ‡vFiction. ‡0(LARL_NWRL_CONSORTIUM)168004
655 7. ‡aFantasy fiction. ‡2gsafd
655 7. ‡aFantasy fiction. ‡2lcgft
655 4. ‡aFantasy fiction.
901 . ‡a270986 ‡b ‡c270986 ‡tbiblio

Additional Resources